| 000 | 00781 a2200241 4500 | ||
|---|---|---|---|
| 005 | 20251209120124.0 | ||
| 008 | 251209b |||||||| |||| 00| 0 eng d | ||
| 020 | _a9789360804459 (hbk) | ||
| 037 | _cTB | ||
| 040 |
_aAL _cAL |
||
| 041 |
_2eng _aeng |
||
| 084 |
_aND44,9(Q) R5 _qAL |
||
| 100 |
_aLefevre, Vincent _9821612 |
||
| 245 |
_aPortraiture in early India: _bbetween trasience and eternity |
||
| 260 |
_aNew Delhi, India: _bManohar, _c2025. |
||
| 300 | _axix, 219p. | ||
| 365 |
_b1995.00 _cINR |
||
| 650 |
_aArts _9855457 |
||
| 650 |
_aSculpture _9855458 |
||
| 650 |
_aIconography _9855459 |
||
| 942 |
_cTB _2CC _n0 _hND44,9(Q) R5 |
||
| 999 |
_c1435594 _d1435594 |
||